000 00476nam a2200181Ia 4500
005 20240709011229.0
008 240331s9999 xx 000 0 und d
020 _a0415156602
082 _a170
_bRUS
245 0 _aRusell on ethics :
_bselections from the writings of Bertrand Russell
260 _aLondon
_bRoutledge
_c1999
300 _axiv, 257 p .,
650 _aPhilosophy
650 _aPolitical
650 _aReligion
700 _aPigden, R. Charlse
_eedt
942 _cL
999 _c761
_d761